000 00464nam a2200181Ia 4500
001 18676
005 20260306171648.0
008 260306s9999||||xx |||||||||||||| ||und||
041 _aESP
082 _a658.45
_bO93
100 _aOviedo, Carlos
_eAUT
245 0 _aOrganizaciones espejo:
_bcomunicación y empatía para la sostenibilidad
260 _c2014
300 _a303 páginas :
_c24 cm.
650 _aGEN
654 _aCAN
942 _cLIB
_dJUS
_fJUS
_2ddc
_n
999 _c18676
_d18676